La dictadura de Trujillo : (Registro nro. 8085)

Detalles MARC
000 -LIDER
fixed length control field 01230nam a2200325 a 4500
001 - NÚMERO DE CONTROL
Identificador de número de control 000037888
003 - IDENTIFICACDOR DE NÚMERO DE CONTROL
control field DO-SdBNP
005 - DATE AND TIME OF LATEST TRANSACTION
control field 20220204081153.0
007 - CAMPOS FIJOS DE DESCRIPCIÓN FÍSICA
fixed length control field 000037888
008 - ELEMENTOS DE LONGITUD FIJA
fixed length control field 130308s2012 dr 001 0 spa d
020 ## - ISBN
International Standard Book Number 9789945074628 (v.1)
020 ## - ISBN
International Standard Book Number 9789945074741 (v.3)
020 ## - ISBN
International Standard Book Number 9789945074659 (v.3 part.6)
020 ## - ISBN
International Standard Book Number 9789945074758 (v.5)
040 ## - FUENTE DE CATALOGACIÓN
Agencia que crea de manera original el registro BPMSU
Idioma de catalogación spa
Agencia que realiza la transcripción BPMSU
082 ## - NÚMERO DE CLASIFICACIÓN DECIMAL DE DEWEY
Classification number 972.93053
Item number D554t 2012
Edition number 22
245 03 - MENCIÓN DE TITULO
Título La dictadura de Trujillo :
Subtítulo documentos /
Mención de responsabilidad editor Eliades Acosta Matos.
260 ## - PUBLICACIÓN, DISTRIBUCIÓN, ETC. (PIE DE IMPRENTA)
Lugar de publicación, distribución, etc Santo Domingo :
Nombre del editor, distribuidor, etc. Archivo General de la Nación,
Fecha de publicación, distribución, etc 2012.
300 ## - DESCRIPCIÓN FÍSICA
Extensión v. ;
Dimensiones 28 cm.
490 0# - MENCIÓN DE SERIES
Mención de serie Archivo General de la Nación
Volume/sequential designation 123/130
500 ## - NOTA GENERAL
Nota general Incluye referencias bibliográficas y notas al pie de las páginas
505 0# - NOTA DE CONTENIDO
Texto normalizado de contenido v.1 :
Título 1930-1939 --
Información miscelánea v.3 :
Título 1940-1949 --
Información miscelánea v.4.
Título 1940-1949 --
Información miscelánea v.5.
Título 1950-1961 --
Información miscelánea v.6.1950-1961
590 ## - NOTA LOCAL
Enlace Inventariado, 2021/VM
600 14 - ENCABEZAMIENTO DE MATERIA--NOMBRE PERSONAL
Nombre personal Trurjillo Molina, Rafael Leónidad
Fechas asociadas con el nombre 1891-1961
651 #4 - ENCABEZAMIENTO DE MATERIA--NOMBRE GEOGRÁFICO
Nombre geográfico República Dominicana
Subdivisión temática general Política y gobierno
Subdivisión cronológica 1930-1961
651 #4 - ENCABEZAMIENTO DE MATERIA--NOMBRE GEOGRÁFICO
Nombre geográfico República Dominicana
Subdivisión temática general Historia
Subdivisión cronológica Era de Trujilloj, 930-1961
710 ## - ASIENTO SECUNDARIO -- NOMBRE CORPORATIVO
Nombre corporativo o de jurisdicción Archivo General de la Nación (República Dominicana )
910 ## - VALIDACIÓN
Validación VMateo V
942 ## - ADDED ENTRY ELEMENTS (KOHA)
Source of classification or shelving scheme Dewey Decimal Classification
Koha item type Libros
Existencias
Withdrawn status Lost status Source of classification or shelving scheme Damaged status Not for loan Collection code Home library Current library Date acquired Source of acquisition Full call number Barcode Date last seen Copy number Price effective from Koha item type Total Checkouts
    Dewey Decimal Classification     Colección Dominicana Biblioteca Pública Metropolitana Salomé Ureña Biblioteca Pública Metropolitana Salomé Ureña 08/06/2015 AGN BPMSU CD 972.93053 D554t 2012 BPMSU15080089 08/06/2015 v. 5, t.3 08/06/2015 Libros  
    Dewey Decimal Classification     Colección Dominicana Biblioteca Pública Metropolitana Salomé Ureña Biblioteca Pública Metropolitana Salomé Ureña 08/24/2021 AGN BPMSU CD 972.93053 D554t 2012 BPMSU21080093 08/24/2021 v.3, t.2 08/24/2021 Libros  
    Dewey Decimal Classification     Colección Dominicana Biblioteca Pública Metropolitana Salomé Ureña Biblioteca Pública Metropolitana Salomé Ureña 08/24/2021 AGN BPMSU CD 972.93053 D554t 2012 BPMSU21110077 11/10/2021 v.1 08/24/2021 Libros  
    Dewey Decimal Classification     Colección Dominicana Biblioteca Pública Metropolitana Salomé Ureña Biblioteca Pública Metropolitana Salomé Ureña 08/24/2021 AGN BPMSU CD 972.93053 D554t 2012 BPMSU21110078 11/10/2021 v.1, e.2 08/24/2021 Libros  
    Dewey Decimal Classification     Colección Dominicana Biblioteca Pública Metropolitana Salomé Ureña Biblioteca Pública Metropolitana Salomé Ureña 08/24/2021 Fundacón Juan Bosch BPMSU CD 972.93053 D554t 2012 BPMSU22020023 02/04/2022 v.3, t.2, e.2 08/24/2021 Libros  
    Dewey Decimal Classification     Colección Dominicana Biblioteca Pública Metropolitana Salomé Ureña Biblioteca Pública Metropolitana Salomé Ureña 08/06/2015 AGN BPMSU CD 972.93053 D554t 2012 BPMSU22080049 08/31/2022 v. 6, t.3 08/06/2015 Libros  
    Dewey Decimal Classification     Colección Dominicana Biblioteca Pública Metropolitana Salomé Ureña Biblioteca Pública Metropolitana Salomé Ureña 08/24/2021 AGN BPMSU CD 972.93053 D554t 2012 BPMSU25080060 08/21/2025 v.1, e.3 08/24/2021 Libros